Statistics for ベスト東京地下鉄クイズ

Click here to take the quiz!

General Stats

  • This quiz has been taken 3,615 times
    (3,554 since last reset)
  • The average score is 193 of 291

Answers on the Map

Answers color-coded by a green-red scale on the quiz's map according to % correct below.
 

Answer Stats

Station Name% Correct
新宿駅
94%
渋谷駅
92%
大手町駅
90%
銀座駅
90%
浅草駅
90%
池袋駅
89%
東京駅
88%
上野駅
88%
中野駅
87%
代々木駅
86%
新宿三丁目駅
85%
目黒駅
84%
日比谷駅
83%
押上〈スカイツリー前〉駅
83%
押上駅
83%
北千住駅
83%
三田駅
82%
有楽町駅
81%
表参道駅
81%
飯田橋駅
81%
荻窪駅
80%
新木場駅
80%
赤坂駅
80%
六本木駅
80%
日本橋駅
80%
和光市駅
80%
高田馬場駅
79%
代々木上原駅
79%
秋葉原駅
79%
新橋駅
79%
西船橋駅
79%
明治神宮前駅
79%
綾瀬駅
78%
半蔵門駅
78%
国会議事堂前駅
78%
中目黒駅
78%
九段下駅
77%
四ツ谷駅
77%
青山一丁目駅
77%
豊洲駅
76%
南千住駅
76%
虎ノ門駅
76%
後楽園駅
75%
御茶ノ水駅
75%
永田町駅
75%
北綾瀬駅
75%
西新宿駅
74%
神田駅
74%
中野坂上駅
74%
白金高輪駅
74%
赤坂見附駅
74%
恵比寿駅
74%
市ヶ谷駅
74%
早稲田駅
73%
市ケ谷駅
73%
霞ケ関駅
73%
都庁前駅
73%
西日暮里駅
72%
神保町駅
72%
地下鉄成増駅
72%
方南町駅
72%
新御茶ノ水駅
72%
葛西駅
71%
西高島平駅
71%
三越前駅
71%
代々木公園駅
71%
赤羽岩淵駅
70%
巣鴨駅
70%
東新宿駅
70%
錦糸町駅
70%
高島平駅
70%
虎ノ門ヒルズ駅
70%
本八幡駅
70%
築地駅
69%
光が丘駅
69%
小竹向原駅
69%
大門駅
69%
東銀座駅
69%
西葛西駅
69%
西馬込駅
69%
駒込駅
68%
地下鉄赤塚駅
68%
白金台駅
68%
浦安駅
67%
乃木坂駅
67%
月島駅
67%
清澄白河駅
67%
泉岳寺駅
67%
落合駅
67%
王子駅
66%
五反田駅
66%
水道橋駅
66%
本郷三丁目駅
66%
溜池山王駅
66%
門前仲町駅
66%
東池袋駅
65%
外苑前駅
65%
銀座一丁目駅
65%
東大前駅
65%
東陽町駅
65%
練馬駅
65%
茗荷谷駅
65%
馬込駅
65%
茅場町駅
64%
西早稲田駅
64%
竹橋駅
64%
二重橋前駅
63%
水天宮前駅
63%
神楽坂駅
63%
住吉駅
63%
春日駅
63%
木場駅
63%
根津駅
63%
上野広小路駅
63%
人形町駅
63%
桜田門駅
62%
湯島駅
61%
新宿西口駅
61%
麻布十番駅
61%
北参道駅
61%
広尾駅
61%
千川駅
60%
新高島平駅
60%
原木中山駅
60%
浅草橋駅
60%
要町駅
60%
妙典駅
60%
中野富士見町駅
59%
六本木一丁目駅
59%
上野御徒町駅
59%
雑司が谷駅
59%
新宿御苑前駅
59%
大島駅
59%
新高円寺駅
58%
田原町駅
58%
南砂町駅
58%
町屋駅
58%
四谷三丁目駅
58%
蔵前駅
58%
淡路町駅
58%
麹町駅
57%
辰巳駅
57%
千駄木駅
57%
南阿佐ケ谷駅
57%
新大塚駅
57%
行徳駅
56%
護国寺駅
55%
氷川台駅
55%
馬喰横山駅
55%
仲御徒町駅
55%
板橋区役所前駅
55%
新御徒町駅
55%
稲荷町駅
55%
神谷町駅
54%
国立競技場駅
54%
三ノ輪駅
54%
平和台駅
54%
岩本町駅
53%
京橋駅
53%
王子神谷駅
53%
東大島駅
52%
八丁堀駅
52%
小川町駅
52%
東日本橋駅
52%
御成門駅
52%
本所吾妻橋駅
52%
高輪台駅
52%
牛込神楽坂駅
52%
勝どき駅
52%
南行徳駅
52%
入谷駅
52%
森下駅
51%
両国駅
51%
志茂駅
51%
中延駅
51%
江戸川橋駅
51%
新中野駅
51%
末広町駅
51%
中野新橋駅
50%
本駒込駅
50%
西大島駅
50%
曙橋駅
50%
東中野駅
50%
汐留駅
49%
築地市場駅
49%
東高円寺駅
49%
志村三丁目駅
49%
芝公園駅
49%
戸越駅
49%
新富町駅
49%
豊島園駅
48%
新板橋駅
48%
宝町駅
48%
白山駅
48%
落合南長崎駅
47%
内幸町駅
46%
志村坂上駅
46%
西新宿五丁目駅
46%
西巣鴨駅
46%
小伝馬町駅
45%
牛込柳町駅
45%
赤羽橋駅
45%
西ケ原駅
45%
瑞江駅
43%
一之江駅
42%
板橋本町駅
42%
篠崎駅
42%
船堀駅
42%
中井駅
42%
西台駅
41%
千石駅
41%
若松河田駅
40%
浜町駅
39%
蓮根駅
39%
新江古田駅
37%
練馬春日町駅
37%
菊川駅
35%
本蓮沼駅
35%

Score Distribution

Percentile by Number Answered

Percent of People with Each Score

Your Score History

You have not taken this quiz since the last reset